000 00670nam a2200229 i 4500
001 C2-0250683
003 PPAK
005 20180727214323.0
008 030715s1973 enk |||| ||||| | eng d
040 _aPPAK
_beng
_cPPAK
_erda
082 0 4 _a940.5425
_223
090 0 0 _a940.5425
_bCOO
_dKSI
100 1 _aCooper, K. W.,
_eauthor
245 1 4 _aThe little men
264 1 _aGreat Britain :
_bRobert Hale & Co. ,
_c1973
300 _a174 pages ;
_c18 cm
336 _2rdacontent
_atext
337 _2rdamedia
_aunmediated
338 _2rdacarrier
_avolume
650 1 0 _aWorld War, 1939-1945 - Compaigns - Burma ; Great Britain. Army. Bonder Regiment.
942 _ddc
_cB
999 _c64009
_d64009